Central Library OPAC University of Rajshahi

Bernard Bosanquet and his friends : (Record no. 28540)

MARC details
000 -LEADER
fixed length control field 00720cam a22002171a 4500
001 - CONTROL NUMBER
control field 28540
003 - CONTROL NUMBER IDENTIFIER
rucl marc code BD-RjUL
005 - DATE AND TIME OF LATEST TRANSACTION
control field 20211209051309.0
008 - FIXED-LENGTH DATA ELEMENTS--GENERAL INFORMATION
fixed length control field 140331s1935 enka 1 0aeng d
035 ## - SYSTEM CONTROL NUMBER
System control number (BD-RjUL)28621
040 ## - CATALOGING SOURCE
Original cataloging agency NUN
Language of cataloging eng
Transcribing agency NUN
Modifying agency VU
-- BD-RjUL
041 ## - LANGUAGE CODE
Language code of text/sound track or separate title eng
082 04 - DEWEY DECIMAL CLASSIFICATION NUMBER
Classification number 192
Author mark and year BER 1935
245 10 - TITLE STATEMENT
Title Bernard Bosanquet and his friends :
Statement of responsibility, etc. Ed. by J.H.Muirhead.
Remainder of title letters illustrating the sources and the development of his philosophical opinions /.
260 ## - PUBLICATION, DISTRIBUTION, ETC. (IMPRINT)
Place of publication, distribution, etc. London :
Name of publisher, distributor, etc. Allen & Unwin,
Date of publication, distribution, etc. 1935.
300 ## - PHYSICAL DESCRIPTION
Pagination 326 p. ;
Size 23cm.
504 ## - BIBLIOGRAPHY, ETC. NOTE
Bibliography, etc Includes Index
600 10 - SUBJECT ADDED ENTRY--PERSONAL NAME
Personal name Bosanquet, Bernard,
Dates associated with a name 1848-1923.
700 1# - ADDED ENTRY--PERSONAL NAME
Personal name Muirhead, John H.
Fuller form of name (John Henry),
Dates associated with a name 1855-1940.
942 ## - ADDED ENTRY ELEMENTS (KOHA)
Source of classification or shelving scheme Dewey Decimal Classification
Koha item type Books
Holdings
Lost status Source of classification or shelving scheme Damaged status Not for loan Collection code Permanent Location Current Location Shelving location Date acquired Source of acquisition Cost, normal purchase price Total Checkouts Full call number Date last seen Copy number Koha item type
  Dewey Decimal Classification   Added to bundle Non-fiction Central Library, University of Rajshahi Central Library, University of Rajshahi Reading Room 10/11/1956 Black Well 0.12   192 BER 1935 31/03/2014 C-1 Books